| LEADER 00000nam 2200000uu 4500 |
| 001 13399137016 |
| 003 ULIBM |
| 008 260508s2559||||th 000 0 tha d |
| 020 ^a9786162721571 |
| 050 ^aNA9355.ก4 ^b จ35 2559 |
| 245 00 ^aจดหมายเหตุเล่าเรื่องอนุสาวรีย์เมืองบางกอก / ^c คณะบรรณาธิการ ศักดิ์ชัย บุญมา ... [และคนอื่น ๆ]. |
| 260 ^aกรุงเทพฯ : ^b สำนักการโยธา กรุงเทพมหานคร, ^c 2559. |
| 300 ^a312 หน้า : ^b ภาพสีประกอบ. |
| 650 4 ^aอนุสาวรีย์ ^z ไทย ^z กรุงเทพฯ ^x ประวัติ. |
| 651 4 ^aกรุงเทพฯ ^x ประวัติศาสตร์. |
| 700 0 ^aศักดิ์ชัย บุญมา. |
| 710 2 ^aกรุงเทพมหานคร. ^b สำนักการโยธา. |
| 999 ^aปวีนา มาลยาภรณ์ |